The economics of the construction industry (Record no. 88339)

MARC details
000 -LEADER
fixed length control field 00615cam a2200217 4500
008 - FIXED-LENGTH DATA ELEMENTS--GENERAL INFORMATION
fixed length control field 090401t1988 xxu||||| |||| 00| 0 eng d
020 ## - INTERNATIONAL STANDARD BOOK NUMBER
International Standard Book Number 071345038X
035 ## - SYSTEM CONTROL NUMBER
System control number (Sirsi) u23174
041 ## - LANGUAGE CODE
Language code of text/sound track or separate title eng
050 ## - LIBRARY OF CONGRESS CALL NUMBER
Classification number 338.4369
100 ## - MAIN ENTRY--PERSONAL NAME
Personal name Briscoe, Geoffrey
245 #4 - TITLE STATEMENT
Title The economics of the construction industry
260 ## - PUBLICATION, DISTRIBUTION, ETC.
Place of publication, distribution, etc. London
Name of publisher, distributor, etc. Mitchell
Date of publication, distribution, etc. 1988
300 ## - PHYSICAL DESCRIPTION
Extent x,307p. ; 22cm.
350 ## - PRICE (NR) (BK AM CF MU VM SE) [OBSOLETE]
Price 12.95
490 ## - SERIES STATEMENT
Series statement Construction Technology and Management
520 ## - SUMMARY, ETC.
Summary, etc. Published in association with the Chartered Institute of Building .
650 ## - SUBJECT ADDED ENTRY--TOPICAL TERM
Topical term or geographic name entry element BUILDING INDUSTRY
942 ## - ADDED ENTRY ELEMENTS (KOHA)
Suppress in OPAC 0
948 ## - LOCAL PROCESSING INFORMATION (OCLC); SERIES PART DESIGNATOR (RLIN)
c (OCLC) 04/03/1997
Holdings
Withdrawn status Lost status Source of classification or shelving scheme Damaged status Not for loan Home library Current library Shelving location Date acquired Cost, normal purchase price Total Checkouts Full call number Barcode Date last seen Date last checked out Copy number Cost, replacement price Price effective from Koha item type
    Dewey Decimal Classification     London London Books 15/07/1993 12.95 13 338.4369 30039155 06/08/2019 11/01/2010 1 12.95 06/08/2019 Book